Soạn bài giảng tương tác với Powerpoint - Visual basic - Quiz builder và Adobe flash : Ứng dụng tin học triển khai có hiệu quả chương trình CDIO - HEEAP và AUN

Nội dung tài liệu hướng dẫn giáo viên thực hành soạn trắc nghiệm, soạn bài giảng tương tác, làm mô hình động với chương trình Quiz builder, Visual basic và Adobe flash chạy trên nền Powerpoint 2007, 2010, 2013 hay 2016...

Fuld beskrivelse

Đã lưu trong:
Bibliografiske detaljer
Hovedforfatter: Phạm Quang Huy
Andre forfattere: Trương Minh Trí, Trần Thanh Thưởng
Format: Bog
Sprog:Vietnamese
Udgivet: Hà Nội Bách khoa Hà Nội 2016
Serier:Tủ sách STK
Fag:
Tags: Tilføj Tag
Ingen Tags, Vær først til at tagge denne postø!
Thư viện lưu trữ: Thư viện Trường Đại học Nam Cần Thơ
LEADER 02323nam a22003017a 4500
001 NCT_269
008 170927b xxu||||| |||| 00| 0 vie d
999 |c 14  |d 14 
020 |a 9786049500169  |c 115000 
082 0 4 |2 23rd ed.  |a 371.334028553  |b H523 
100 1 |a Phạm Quang Huy 
245 1 0 |a Soạn bài giảng tương tác với Powerpoint - Visual basic - Quiz builder và Adobe flash :   |b Ứng dụng tin học triển khai có hiệu quả chương trình CDIO - HEEAP và AUN   |c Phạm Quang Huy, Trần Thanh Thưởng, Trương Minh Trí 
260 |a Hà Nội  |b Bách khoa Hà Nội  |c 2016 
300 |a 421 tr.  |b Minh hoạ  |c 24 cm 
490 0 |a Tủ sách STK 
520 3 |a Nội dung tài liệu hướng dẫn giáo viên thực hành soạn trắc nghiệm, soạn bài giảng tương tác, làm mô hình động với chương trình Quiz builder, Visual basic và Adobe flash chạy trên nền Powerpoint 2007, 2010, 2013 hay 2016 
655 |a Bài giảng 
700 1 |a Trương Minh Trí 
700 1 |a Trần Thanh Thưởng 
942 |2 ddc  |c BK 
952 |0 0  |1 0  |2 ddc  |4 0  |6 371_334028553000000_H523  |7 0  |9 7  |a 000001  |b 000001  |d 2017-09-27  |o 371.334028553 H523  |p MD.00005  |r 2017-09-27  |v 115000.00  |w 2017-09-27  |y BK 
952 |0 0  |1 0  |2 ddc  |4 0  |6 371_334028553000000_H523  |7 0  |9 55  |a 000001  |b 000001  |d 2017-09-30  |o 371.334028553 H523  |p MD.00030  |r 2018-03-19  |v 115000.00  |w 2017-09-30  |y BK 
952 |0 0  |1 0  |2 ddc  |4 0  |6 371_334028553000000_H523  |7 0  |9 56  |a 000001  |b 000001  |d 2017-09-30  |o 371.334028553 H523  |p MD.00061  |r 2017-09-30  |v 115000.00  |w 2017-09-30  |y BK 
952 |0 0  |1 0  |2 ddc  |4 0  |6 371_334028553000000_H523  |7 0  |9 14544  |a 000001  |b 000001  |d 2018-10-17  |o 371.334028553 H523  |p MD.13573  |r 2018-10-17  |v 115000.00  |w 2018-10-17  |y BK 
952 |0 0  |1 0  |2 ddc  |4 0  |6 371_334028553000000_H523  |7 0  |9 14545  |a 000001  |b 000001  |d 2018-10-17  |o 371.334028553 H523  |p MD.13574  |r 2018-10-17  |v 115000.00  |w 2018-10-17  |y BK 
952 |0 0  |1 0  |2 ddc  |4 0  |6 371_334028553000000_H523  |7 0  |9 14546  |a 000001  |b 000001  |d 2018-10-17  |o 371.334028553 H523  |p MD.13575  |r 2018-10-17  |v 115000.00  |w 2018-10-17  |y BK 
952 |0 0  |1 0  |2 ddc  |4 0  |6 371_334028553000000_H523  |7 0  |9 14547  |a 000001  |b 000001  |d 2018-10-17  |o 371.334028553 H523  |p MD.13576  |r 2018-10-17  |v 115000.00  |w 2018-10-17  |y BK 
980 |a Thư viện Trường Đại học Nam Cần Thơ